Statistics for Famous People's First Names

Click here to take the quiz!

General Stats

  • This quiz has been taken 246 times
    (168 since last reset)
  • The average score is 11 of 20

Answer Stats

First NameSurname% Correct
JohnDepp
97%
AdolfHitler
96%
Francis/NancySinatra
94%
LeonardoDiCaprio
93%
PabloPicasso
90%
JoanneRowling
87%
JuliusCaesar
85%
CatherineZeta-Jones
70%
OscarWilde
70%
Marshall (Eminem)Mathers
44%
NicolasSarkozy
43%
ZaynMalik
41%
RihannaFenty
35%
Elizabeth (Lana del Rey)Grant (singer)
33%
Stefani (Lady Gaga)Germanotta
32%
Vladimir Ilyich (Lenin)Ulyanov
17%
MuhammadJinnah
10%
AdeleAdkins
9%
Norma (Marilyn Monroe)Mortenson
6%
Jessica (Jessie J)Cornish
1%

Score Distribution

Percentile by Number Answered

Percent of People with Each Score

Your Score History

You have not taken this quiz since the last reset